Countries That Border Exclaves and Enclaves - Statistics

General Stats
  • This quiz has been taken 122 times
    100 since last reset
  • The average score is 18 of 20
Answer Stats
Exclave Border Country / Countries % Correct
Alaska exclave of The U.S. Canada
100%
San Marino Italy
100%
Vatican City Rome / Italy
100%
Lesotho South Africa
100%
The Gambia Senegal
99%
Brazil
98%
French Guiana exclave of France Suriname
96%
Armenia
94%
Ceuta exclave of Spain Morocco
93%
Baarle-Hertog exclave of Belgium The Netherlands
93%
Iran
89%
Lithuania
85%
Nakhchivan exclave of Azerbaijan Turkey
85%
Melilla exclave of Spain Morocco
84%
Kaliningrad Oblast semi-exclave of Russia Poland
83%
Büsingen am Hochrhein enclave and exclave of Germany Switzerland
81%
Llívia exclave of Spain France
76%
Campione d'Italia enclave of Italy Switzerland
75%
Cabinda exclave of Angola DRC
72%
Congo
67%
No matching quizzes found
Score Distribution
Percent of People with Each Score
Percentile by Number Answered
Your Score History
You have not taken this quiz since the last reset